50 Percy Jackson characters by name - Statistics

General Stats
  • This quiz has been taken 140 times
  • The average score is 23 of 50
Answer Stats
Answer % Correct
1 percy jackson
99%
2 annabeth chase
97%
3 grover underwood
94%
14 nico di angelo
85%
21 jason grace
84%
15 bianca di angelo
79%
6 chiron
79%
23 leo valdez
78%
8 luke castellan
78%
13 thalia grace
78%
22 piper mclean
77%
32 clarisse la rue
76%
19 hazel levesque
76%
20 frank zhang
73%
5 sally jackson
71%
29 will solace
61%
9 travis stoll
59%
7 tyson
59%
10 connor stoll
57%
18 rachel elizabeth dare
57%
25 silena beauregard
56%
16 zoe nightshade
55%
4 gabe ugliano
50%
12 paul blofis
50%
33 chris rodriguez
43%
46 octavian
40%
24 charlie beckendorf
39%
43 reyna avila ramirez-arellano
39%
17 ethan nakamura
36%
34 kronos
36%
26 michael yew
36%
11 juniper
34%
27 lee fletcher
34%
30 calypso
32%
41 gleeson hedge
31%
28 katie gardner
26%
44 ella
23%
45 bob
22%
49 dedalus/quintus
18%
40 gaia
18%
31 nancy bobofit
15%
39 atlas
13%
42 festus
13%
50 tantalus
8%
37 george
3%
38 martha
2%
48 ophiotaurus/bessie
2%
36 fates
0%
35 gray sisters
0%
47 lapetus
0%
No matching quizzes found
Score Distribution
Percent of People with Each Score
Percentile by Number Answered
Your Score History
You have not taken this quiz